| 000 | 00656cam a22002293a 4500 | ||
|---|---|---|---|
| 001 | 13931 | ||
| 003 | PGUSA | ||
| 005 | 20140828083311.0 | ||
| 008 | 041103s2004||||xxu|||||s|||||000 1 eng d | ||
| 040 |
_aPGUSA _beng |
||
| 042 | _adc | ||
| 050 | 4 | _aPR | |
| 100 | 1 |
_aCobban, J. Maclaren _q(James Maclaren), _d1849-1903 |
|
| 245 | 1 | 0 |
_aMaster of His Fate _h[electronic resource] / _cJ. Maclaren Cobban |
| 260 |
_bProject Gutenberg, _c2004 |
||
| 506 | _aPublic domain in the USA. | ||
| 516 | _aElectronic text | ||
| 653 | _aScience fiction, English | ||
| 830 | 0 |
_aProject Gutenberg _v13931 |
|
| 856 | 4 | 0 | _uhttp://www.gutenberg.org/ebooks/13931 |
| 942 | _cEB | ||
| 999 |
_c243186 _d243186 |
||